Pokemon - Electrik - Statistiques

Statistiques générales
  • Ce quiz a été pris 18 fois
  • Le résultat moyen est 16 sur 20
Statistiques - réponses
Questions électrisantes Zap zap % Correct
Je rentre dans de l'electroménager Motisma
94%
Jumeau négatif Négapi
94%
Peut être rockeur, docteur, catcheur... Pikachu
94%
Ultrachimère de type electrik Câblifère
88%
Permet de paralyser Cage éclair
88%
Attaque faisant tomber la foudre Fatal-Foudre
88%
Magnéton préhistorique Pelage-Sablé
88%
Golem de ce type Regieleki
88%
Faiblesse du type Sol
88%
Objet augmentant les attaques électrik Aimant
81%
Permet d'attaquer et de remplacer le lanceur Change-Eclair
81%
Grand frère de Clem Lem
81%
Champion de Carmin sur Mer Major Bob
81%
Talent pouvant paralyser celui qui l'attaque physiquement Statik
81%
Je suis une pokeball Voltorbe
81%
Fait évoluer elektek Electriseur
75%
Fais méga évoluer ohmassacre Ohmassacrite
75%
Je surf Raichu d'Alola
69%
Style electrik de plumeline Pom-Pom
56%
Permet à silvallié de changer de type Rom électrik
13%
Aucun quiz correspondant
Distribution des résultats
% des personnes avec chaque résultat
Percentile par nombre de réponses
Votre historique - résultats
Vous n’avez pas pris ce quiz